| 000 | 00344cam a2200145ua 4500 | ||
|---|---|---|---|
| 082 |
_a621.8152 _bJOH/MA |
||
| 100 |
_aJohn, K C _9266 |
||
| 100 |
_aVarghese , P I . _91274 |
||
| 245 | _aMachine Drawing / | ||
| 250 | _a1 / | ||
| 260 |
_aThrissur : _bVIP Publishers , _c1993. |
||
| 300 | _a200 ; . | ||
| 500 | _a18253-55 Scheme | ||
| 942 | _cBK | ||
| 999 |
_c5609 _d5609 |
||